| Tag |
First Indicator |
Second Indicator |
Subfields |
| LEADER |
00000cam a2200000Mi 4500 |
| 001 |
in00003581007 |
| 006 |
m o d |
| 007 |
cr mnu---uuaaa |
| 008 |
121227s2003 ne o 000 0 eng |
| 005 |
20260420211452.2 |
| 020 |
|
|
|a 9789400710658 (electronic bk.)
|
| 020 |
|
|
|a 9400710658 (electronic bk.)
|
| 020 |
|
|
|z 9781402018039
|
| 020 |
|
|
|z 1402018037
|
| 020 |
|
|
|z 9400710658
|
| 035 |
|
|
|a (OCoLC)851369985
|
| 040 |
|
|
|a AU@
|b eng
|c AU@
|d GW5XE
|d OCLCF
|d UtOrBLW
|
| 049 |
|
|
|a TXAM
|
| 050 |
|
4 |
|a HB848-3697
|
| 072 |
|
7 |
|a JHBD
|2 bicssc
|
| 072 |
|
7 |
|a SOC006000
|2 bisacsh
|
| 082 |
0 |
4 |
|a 304.6
|2 23
|
| 100 |
1 |
|
|a Blossfeld, Hans-Peter.
|
| 245 |
1 |
0 |
|a Who Marries Whom? :
|b Educational Systems as Marriage Markets in Modern Societies /
|c edited by Hans-Peter Blossfeld, Andreas Timm.
|
| 264 |
|
1 |
|a Dordrecht :
|b Springer Netherlands,
|c 2003.
|
| 300 |
|
|
|a 1 online resource (xii, 342 pages)
|
| 336 |
|
|
|a text
|b txt
|2 rdacontent
|
| 337 |
|
|
|a computer
|b c
|2 rdamedia
|
| 338 |
|
|
|a online resource
|b cr
|2 rdacarrier
|
| 490 |
1 |
|
|a European Studies of Population,
|x 1381-3579 ;
|v 12
|
| 505 |
0 |
|
|a About the Editors -- About the Contributors -- 1. Educational Systems as Marriage Markets in Modern Societies: A Conceptual Framework -- 2. Who Marries Whom in West Germany?- 3. Who Marries Whom in Flemish Belgium?-. 4. Who Marries Whom in France?- 5. The When and Whom of First Marriage in The Netherlands -- 6. Who Marries Whom in Italy?- 7. Who Marries Whom in Spain?-. 8. Who Marries Whom in Great Britain?- 9. Who Marries Whom in the United States?- 10. Who Moves Together with Whom in Denmark?- 11. Who Marries Whom in Sweden?- 12. Who Marries Whom in Hungary?- 13. Who Marries Whom in Slovenia?-14. Two Decades of Educational Intermarriage in Israel -- 15. Assortative Mating in Cross-National Comparison: A Summary of Results and Conclusions.
|
| 520 |
|
|
|a The book is theoretically driven and combines demographic and sociological approaches with rational choice theory to explain assortative mating. Using life-history data from a broad range of industrialized countries and longitudinal statistical models, the book analyzes the process of spouse selection in the life courses of single men and women. The countries included vary widely in important characteristics such as demographic behavior and institutional characteristics. The life course approach explicitly recognizes the dynamic nature of partner decisions, the importance of educational roles and institutional circumstances as young men and women move through their life paths, and the accumulation of advantages and disadvantages experienced by individuals.
|
| 500 |
|
|
|a Electronic resource.
|
| 650 |
|
0 |
|a Social sciences.
|
| 650 |
|
0 |
|a Economics.
|
| 650 |
|
0 |
|a Population.
|
| 650 |
|
0 |
|a Demography.
|
| 650 |
|
7 |
|a Demography.
|2 fast
|0 (OCoLC)fst00890158
|
| 650 |
|
7 |
|a Economics.
|2 fast
|0 (OCoLC)fst00902116
|
| 650 |
|
7 |
|a Population.
|2 fast
|0 (OCoLC)fst01071476
|
| 650 |
|
7 |
|a Social sciences.
|2 fast
|0 (OCoLC)fst01122877
|
| 655 |
|
7 |
|a Electronic books.
|2 local
|
| 700 |
1 |
|
|a Timm, Andreas.
|
| 710 |
2 |
|
|a SpringerLink (Online service)
|
| 776 |
1 |
8 |
|i Print version:
|z 9781402018039
|
| 830 |
|
0 |
|a European studies of population ;
|v 12.
|
| 856 |
4 |
0 |
|u http://proxy.library.tamu.edu/login?url=https://link.springer.com/10.1007/978-94-007-1065-8
|z Connect to the full text of this electronic book
|t 0
|
| 994 |
|
|
|a 92
|b TXA
|
| 999 |
|
|
|a MARS
|
| 999 |
f |
f |
|s 595f9b26-6bfa-3e44-9cfb-e6381f9f15d4
|i 578ad369-e4dc-3685-9148-cf147c1c36ed
|t 0
|
| 952 |
f |
f |
|a Texas A&M University
|b College Station
|c Electronic Resources
|s www_evans
|d Available Online
|t 0
|e HB848-3697
|h Library of Congress classification
|
| 998 |
f |
f |
|a HB848-3697
|t 0
|l Available Online
|